Questions-réponses sur Cholet - Statistiques

Statistiques générales
  • Ce quiz a été pris 102 fois
  • Le résultat moyen est 7 sur 15
Statistiques - réponses
Questions Réponses % Correct
Région dans laquelle se situe la ville de Cholet. Pays de la Loire
91%
Morceau de tissu qui est l'une des spécialités textiles de la cité, notamment connue par une chanson de Théodore Botrel. Le mouchoir
81%
Sport dans lequel Cholet fut champion de France en 2010 et finaliste d'une Coupe européenne en 2009. Le basket-ball
78%
Couleur que revêt traditionnellement ce morceau de tissu à Cholet, ainsi décrit dans la chanson de Théodore Botrel. Le rouge
78%
Commune située à onze kilomètres au sud de Cholet qui comprend le plus vaste jardin japonais d'Europe. Maulévrier
75%
Province d'Ancien régime dans laquelle se situait Cholet en 1789. L'Anjou
52%
Aviateur bien connu des amateurs de tennis qui passa son brevet de pilote à l'école de pilotage de Cholet en 1910, sur l'aérodrome qui désormais porte son nom. Roland Garros
51%
Région naturelle du sud-ouest de cette ancienne province dont Cholet est la principale ville. Les Mauges
44%
Représentant choletais de ce sport, vainqueur de l'Euroligue avec Bologne en 1998 et 2001 et vice-champion olympique avec l'équipe de France en 2000 Antoine Rigaudeau
30%
Affaire de dopage qui ternit le Tour de France après une arrivée d'étape à Cholet en 1998 L'affaire Festina
28%
Nom donné aux troupes incendiaires du général républicain Turreau qui ordonna la destruction de la ville lors d'une troisième bataille en janvier 1794. Les Colonnes infernales
22%
Autre général de l'Armée catholique et royale qui, au cours de cette seconde Bataille de Cholet du 17 octobre 1793, gracia près de cinq mille soldats républicains avant de succomber à ses blessures. Charles de Bonchamps
19%
Le Choletais Jean Châtelain avait rejoint les rangs de l'Armée catholique et royale de Vendée avant de servir cet autre mouvement d'insurgés royalistes du côté de La Flèche. Les Chouans
18%
Généralissime vendéen natif de la région [quesion #3], roturier et pieux, qui se présenta devant Cholet le 14 mars 1793 et sortit vainqueur de la bataille. Jacques Cathelineau
15%
Autre général de l'Armée catholique et royale, d'origine lorraine qui se présenta également devant Cholet, sans concertation avec le précédent et sortit vainqueur mais connu également la défaite lors de la deuxième bataille du 17 octobre. Jean-Nicolas Stofflet
13%
Aucun quiz correspondant
Distribution des résultats
% des personnes avec chaque résultat
Percentile par nombre de réponses
Votre historique - résultats
Vous n’avez pas pris ce quiz